000 00532nam a2200217Ia 4500
003 OSt
005 20220928143518.0
006 a|||||r|||| 00| 0
007 ta
008 220927b |||||||| |||| 00| 0 eng d
024 _a22186
037 _cTextual
040 _aSDCL
_cSDCL
_beng
041 _2eng
_aeng
082 _aX:8C, M3
100 _aKolb Burton A
_9505474
245 0 _aPrinciples of financial management
260 _c1983
942 _hX:8C, M3
_cTEXL
_2CC
999 _c824196
_d824196